[Event "ROM-chT2"]
[Site "Baile Tusnad"]
[Date "2000.??.??"]
[Round "?"]
[White "Crisan, Cristina"]
[Black "Baciu, Anca Otilia"]
[Result "1/2-1/2"]
[WhiteElo "2044"]
[BlackElo "2117"]
[PlyCount "50"]
[EventDate "2000.??.??"]
[EventType "team"]
[EventRounds "9"]
[EventCountry "ROU"]
[SourceTitle "EXT 2001"]
[Source "ChessBase"]
[SourceDate "2000.11.22"]
[SourceVersion "1"]
[SourceVersionDate "2000.11.22"]
[SourceQuality "1"]

1. e4 c5 2. Nf3 e6 3. d3 b5 4. g3 Bb7 5. Bg2 d6 6. 0-0 Nf6 7. Nbd2 Be7 8. c3 0-0 9. Re1 Nc6 10. a4 a6 11. h3 Qc7 12. Nf1 Rac8 13. g4 Nd7 14. Ng3 Nde5 15. g5 Rfd8 16. Nh4 c4 17. d4 Nd3 18. Rf1 Na5 19. Be3 Nb3 20. Rb1 bxa4 21. f4 Bf8 22. f5 g6 23. fxg6 fxg6 24. Qg4 Qd7 25. Rf3 Bg7 1/2-1/2

[Event "ROM-chT2"]
[Site "Sovata"]
[Date "1997.??.??"]
[Round "6"]
[White "Crisan, Cristina"]
[Black "Baciu, Anca Otilia"]
[Result "0-1"]
[WhiteElo "2075"]
[BlackElo "2195"]
[PlyCount "114"]
[EventDate "1997.10.??"]
[EventType "team-tourn"]
[EventRounds "7"]
[EventCountry "ROU"]
[SourceTitle "EXT 2000"]
[Source "ChessBase"]
[SourceDate "1999.11.16"]
[SourceVersion "1"]
[SourceVersionDate "1999.11.16"]
[SourceQuality "1"]

1. e4 c5 2. Nf3 e6 3. d4 cxd4 4. Nxd4 Nf6 5. Nc3 d6 6. f4 a6 7. Be3 b5 8. Bd3 Bb7 9. Qf3 Nbd7 10. g4 b4 11. Nce2 Nc5 12. Ng3 Qc7 13. g5 Nfd7 14. 0-0 g6 15. a3 bxa3 16. Rxa3 e5 17. fxe5 Nxe5 18. Qe2 Bg7 19. b4 Ncxd3 20. cxd3 Qd7 21. Nf3 0-0 22. Nxe5 dxe5 23. Rc3 Bc6 24. Bc5 Rfd8 25. Rd1 Bb5 26. Nf1 h6 27. gxh6 Bxh6 28. Ne3 Bc6 29. Nc4 Qe6 30. Nb6 Rab8 31. Ra1 Bb5 32. Nd5 Kg7 33. Rf1 Rxd5 34. exd5 Qxd5 35. Qf3 Bc6 36. Qe4 Qxe4 37. dxe4 Bxe4 38. Rf2 Bg5 39. Re2 f5 40. Bd6 Re8 41. Ra2 Bb1 42. Rxa6 Bd2 43. Rc7+ Kh6 44. Bc5 f4 45. Ra1 Bf5 46. b5 e4 47. b6 e3 48. b7 f3 49. Ba7 f2+ 50. Kg2 Be4+ 51. Kf1 Bd3+ 52. Kg2 Be1 53. Rf7 Be4+ 54. Kh3 Bf5+ 55. Rxf5 gxf5 56. Bxe3+ Rxe3+ 57. Kg2 Rb3 0-1

[Event "ROM-chT2"]
[Site "Sovata"]
[Date "1997.??.??"]
[Round "1"]
[White "Wagener, Anna"]
[Black "Crisan, Cristina"]
[Result "1-0"]
[WhiteElo "2275"]
[BlackElo "2075"]
[PlyCount "45"]
[EventDate "1997.10.??"]
[EventType "team-tourn"]
[EventRounds "7"]
[EventCountry "ROU"]
[SourceTitle "EXT 2000"]
[Source "ChessBase"]
[SourceDate "1999.11.16"]
[SourceVersion "1"]
[SourceVersionDate "1999.11.16"]
[SourceQuality "1"]

1. e4 c5 2. Nf3 d6 3. d4 cxd4 4. Qxd4 Nc6 5. Bb5 Bd7 6. Bxc6 Bxc6 7. Nc3 Nf6 8. Bg5 e6 9. 0-0-0 Be7 10. Rhe1 0-0 11. Qd2 Qc7 12. Kb1 Rfd8 13. Rh1 Rac8 14. Nd4 Bd7 15. f3 Be8 16. g4 a6 17. h4 b5 18. Nce2 a5 19. Ng3 Kh8 20. Nh5 Nxh5 21. gxh5 Bxg5 22. hxg5 b4 23. Rdg1 1-0

[Event "ROM-ch (Women)"]
[Site "Herculane"]
[Date "1996.??.??"]
[Round "11"]
[White "Crisan, Cristina"]
[Black "Andreescu, Aurora Nicoleta"]
[Result "1/2-1/2"]
[WhiteElo "2105"]
[BlackElo "2150"]
[PlyCount "74"]
[EventDate "1996.12.??"]
[EventType "tourn"]
[EventRounds "13"]
[EventCountry "ROU"]
[SourceTitle "EXT 2008"]
[Source "ChessBase"]
[SourceDate "2007.11.25"]
[SourceVersion "1"]
[SourceVersionDate "2007.11.25"]
[SourceQuality "1"]

1. e4 d5 2. exd5 Nf6 3. Nc3 Nxd5 4. Bc4 Nb6 5. Bb3 Nc6 6. Nf3 Bf5 7. d3 e6 8. Bg5 Be7 9. Qd2 Bxg5 10. Qxg5 Qxg5 11. Nxg5 0-0 12. 0-0-0 Rad8 13. Rhe1 Nd4 14. Nge4 Nxb3+ 15. axb3 Nd5 16. Nxd5 exd5 17. Ng3 Bg4 18. f3 Bd7 19. Re5 c6 20. Rde1 Rfe8 21. Kd2 Kf8 22. d4 f6 23. Rxe8+ Rxe8 24. Rxe8+ Kxe8 25. c3 Ke7 26. Ke3 b6 27. b4 g6 28. Ne2 Bc8 29. g4 Kd6 30. Nc1 Ba6 31. Nd3 Bc4 32. Nc1 Ba6 33. Nd3 Bxd3 34. Kxd3 b5 35. f4 a6 36. b3 Ke6 37. h3 Kd6 1/2-1/2

[Event "Decin op"]
[Site "Decin"]
[Date "1996.??.??"]
[Round "2"]
[White "Hadraba, Vladimir"]
[Black "Crisan, Cristina"]
[Result "1/2-1/2"]
[WhiteElo "2275"]
[BlackElo "2105"]
[PlyCount "93"]
[EventDate "1996.??.??"]
[EventType "swiss"]
[EventRounds "9"]
[EventCountry "CZE"]
[SourceTitle "CBM 053 Extra"]
[Source "ChessBase"]
[SourceDate "1996.09.01"]
[SourceVersion "1"]
[SourceVersionDate "1996.09.01"]
[SourceQuality "1"]

1. e4 c5 2. Nf3 d6 3. d4 cxd4 4. Nxd4 Nf6 5. Nc3 a6 6. a4 e5 7. Nb3 Be7 8. Be2 Be6 9. 0-0 Nbd7 10. a5 0-0 11. Be3 Qc7 12. f3 Rfc8 13. Qd2 Bc4 14. Bxc4 Qxc4 15. Rfc1 Qc7 16. Qd3 Nc5 17. Nxc5 dxc5 18. Qc4 b5 19. axb6 Qxb6 20. b3 Qb4 21. Ra4 Qxc4 22. Rxc4 Nd7 23. Na4 Rab8 24. Rd1 Rc7 25. Bd2 Kf8 26. Ba5 Rcb7 27. Rd5 Ke8 28. Bc3 f6 29. Kf1 Kf7 30. Bd2 Ke6 31. Be3 Rb4 32. Bxc5 Rxa4 33. bxa4 Bxc5 34. Rdxc5 Nxc5 35. Rxc5 Kd6 36. Rc4 Rb1+ 37. Kf2 g6 38. h3 f5 39. Ke2 Rg1 40. Kf2 Ra1 41. exf5 gxf5 42. Rh4 Ra2 43. Rh6+ Kd5 44. Rxa6 Rxc2+ 45. Kg3 Ra2 46. a5 f4+ 47. Kh2 1/2-1/2

[Event "Schneider Memorial op "]
[Site "Budapest"]
[Date "1996.??.??"]
[Round "?"]
[White "Navrotescu, Catalin"]
[Black "Crisan, Cristina"]
[Result "1-0"]
[WhiteElo "2370"]
[BlackElo "2100"]
[PlyCount "95"]
[EventDate "1996.??.??"]
[EventType "swiss"]
[EventRounds "9"]
[EventCountry "HUN"]
[SourceTitle "EXT 1999"]
[Source "ChessBase"]
[SourceDate "1998.11.16"]
[SourceVersion "1"]
[SourceVersionDate "1998.11.16"]
[SourceQuality "1"]

1. d4 Nf6 2. c4 g6 3. Nc3 Bg7 4. e4 d6 5. h3 0-0 6. Bg5 Nbd7 7. Nf3 c6 8. Be2 e5 9. d5 Qe7 10. Nd2 h6 11. Be3 c5 12. g4 Ne8 13. Nf1 Nb6 14. Ng3 Bd7 15. Bd3 Kh7 16. Qd2 Rh8 17. 0-0-0 a6 18. b3 Rb8 19. f3 Nc8 20. a4 Na7 21. Kc2 Qd8 22. Ra1 Nc7 23. h4 Ne8 24. Qe2 Kg8 25. b4 cxb4 26. Bxa7 Ra8 27. Qf2 bxc3 28. Bb6 Qf6 29. Kxc3 Qe7 30. Kb3 Kh7 31. a5 Bc8 32. Be3 Qc7 33. Qd2 Kg8 34. Rab1 Nf6 35. g5 hxg5 36. hxg5 Rxh1 37. Rxh1 Nd7 38. Nf5 gxf5 39. exf5 f6 40. Qh2 fxg5 41. Qh7+ Kf8 42. Bxg5 Nc5+ 43. Kc2 Nxd3 44. Kxd3 Qf7 45. Ke4 Bd7 46. f6 Bxf6 47. Bxf6 Qxf6 48. Qh8+ 1-0